000 00822nam a22002297a 4500
005 20230512221621.0
008 180315t xxu||||| |||| 00| 0 eng d
020 _a9789350563830
040 _cCSPC
082 0 _a025.84
_bP884p
100 _aPrajapati, Bhagwatiben Govindbhai
_eauthor.
245 0 0 _aPreservation of library collections
_cBhagwatiben Govindbhai Prajapati
260 _aNew Delhi :
_bDiscovery Publishing House.
_c2013.
300 _a302 pages :
_bimages, figures ;
_c24 cm.
500 _aIncludes Index.
650 1 0 _aBooks
_xConservation and restoration.
650 1 0 _aLibrary materials
_xConservation and restoration.
940 _aMar
942 _cBOOK
_jCIR 025.84 P884p 2013
999 _c2784
_d2784